|
|
|
|
| LEADER |
00000cam a2200000 7i4500 |
| 001 |
0000002051 |
| 005 |
20240912.0 |
| 008 |
240808 nyu eng |
| 020 |
|
|
|a 0471060410 (hbk)
|
| 040 |
|
|
|a INS
|b eng
|e rda
|
| 090 |
0 |
0 |
|a RHF5686.R3
|b .K57 1980
|
| 100 |
1 |
|
|a Klink, James J. ,
|e author
|
| 245 |
1 |
0 |
|a Real estate accounting and reporting :
|b a guide for developers, investors and lenders
|c James J. Klink
|
| 264 |
|
1 |
|a New York :
|b John Wiley & Sons
|c 1980
|
| 264 |
|
4 |
|c ©1980
|
| 300 |
|
|
|a xi, 227 pages ;
|c 24 cm.
|
| 336 |
|
|
|a text
|2 rdacontent
|
| 337 |
|
|
|a unmediated
|2 rdamedia
|
| 338 |
|
|
|a volume
|2 rdacarrier
|
| 504 |
|
|
|a Includes bibliographical references and index
|
| 650 |
|
0 |
|a Real estate business
|x Accounting
|
| 999 |
|
|
|a 0000000479
|b BOOK
|c Red Spot
|e Default branch
|